| 000 | 00796nas a2200277 4500 | ||
|---|---|---|---|
| 001 | BR2016001882 | ||
| 003 | BR-BrBNA | ||
| 005 | 20231205130322.0 | ||
| 007 | ta | ||
| 008 | 230509b bl.|||p| |||| 00| 00por d | ||
| 040 |
_aBR-BrBNA _bpor _cBiblioteca Nacional de Agricultura |
||
| 041 | _a(En) | ||
| 072 | _aL72 | ||
| 100 | 1 | _aHidalgo, A. | |
| 100 | 1 | _aPalma, H. | |
| 100 | 1 | _aOberg, C. | |
| 100 | 1 | _aFonseca-salamanca, F. | |
| 245 | 1 | _aOestrus ovis infection of grazing sheep during summer in southern Chile | |
| 650 | _aOVINO | ||
| 650 | _aMIIASE | ||
| 650 | _aLARVA | ||
| 650 | _aBERNE | ||
| 773 | 0 |
_tPesquisa Veterinária Brasileira (Brazil) _xISSN 0100-736X _g(Jun 2015), v. 35(6) p. 497-500 _wBR2016001882 |
|
| 909 |
_a202311 _bLúcia _c55 _dLúcia Elande |
||
| 942 |
_2AGRIS _n0 _cANA |
||
| 999 |
_c248824 _d248824 |
||